00652nam a2200241 a 4500001001300000003000900013005001700022008004100039020001000080082001400090100001700104245003400121260002800155300000800183500003500191505001000226650001300236700001700249902000800266942000700274952011400281999001500395nice12345678IN_TiNIC20260116012156.0050524s1971 hyda grp 000 0 eng  ac10000a230bSIN4 aSingh, Bakht aBehold I Will Do a New Thing. aHyderabadbHebronc1971 a32p aincludes index and biblioraphy2 aIndex aTheology1 aSingh, Bakht bSRS cBK 001040708StackRoom-aHMIbHMId2007-06-12g100.00l0o230 SIN4p06130r2007-06-12v100.00w2005-05-24yBK c5943d5943